Geomorfología submarina /

Guardado en:
Autor Principal: Calmels, Augusto P.
Otros Autores: Carballo, Olga C.
Formato: Libro
Idioma:Spanish
Publicado: Bahía Blanca : Universidad Nacional del Sur, Departamento de Geología, 1974.
Etiquetas: Agregar Etiqueta
Sin Etiquetas, Sea el primero en etiquetar este registro!
LEADER 00543nam a22001575a 4500
001 EUN.um020563
003 AR-BaUNS
005 20050623122900.0
008 041125s1974####ag#a##########000#0#spa#d
245 1 0 |a Geomorfología submarina /  |c Augusto P. Calmels, Olga C. Carballo. 
260 |a Bahía Blanca :  |b Universidad Nacional del Sur, Departamento de Geología,  |c 1974. 
300 |a 353 p. :  |b ilus. ;  |c 28 cm. 
100 1 |a Calmels, Augusto P. 
700 1 |a Carballo, Olga C. 
082 0 4 |a 551.4 
859 |a Ar-BaUNS  |b BIB. CENTRAL - Sector C  |h 551.4  |i C136-9  |p 70391/974